Största städerna på D i Nordamerika, enligt bild - Statistics

General Stats
  • This quiz has been taken 2 times
  • The average score is 7 of 20
Answer Stats
Picture Hint Answer % Correct
🇺🇸 1 300 000 Dallas
100%
🇺🇸 710 000 Denver
100%
🇺🇸 620 000 Detroit
100%
🇺🇸 100 000 {Daly} City
50%
🇵🇦 80 000 David
50%
🇺🇸 140 000 Dayton
50%
🇺🇸 110 000 Dearborn
50%
🇭🇹 360 000 Delmas (Dèlma)
50%
🇺🇸 210 000 Des Moines
50%
🇺🇸 90 000 Duluth
50%
🇺🇸 290 000 Durham
50%
🇺🇸 90 000 Danbury
0%
🇺🇸 100 000 Davenport
0%
🇺🇸 110 000 Davie
0%
🇺🇸 90 000 {Deerfield} Beach
0%
🇸🇻 110 000 Delgado
0%
🇲🇽 130 000 Delicias
0%
🇺🇸 100 000 Deltona
0%
🇺🇸 150 000 Denton
0%
🇺🇸 110 000 Downey
0%
No matching quizzes found
Score Distribution
Percent of People with Each Score
Percentile by Number Answered
Your Score History
You have not taken this quiz